[Event "Llinars del Valles op 4th"]
[White "Murillo Laplaza, Jose Maria"]
[Black "Longueira Lateana, Mariano"]
[Site "Llinars del Valles"]
[Round "7"]
[Result "0-1"]
[Date "2024.07.01"]
[WhiteElo "1700"]
[BlackElo "1864"]
[PlyCount "104"]
[EventDate "2024.06.25"]
[EventType "swiss"]
[EventRounds "9"]
[EventCountry "ESP"]
[SourceTitle "CBM 221 Extra"]
[Source "ChessBase"]
[SourceDate "2024.09.30"]
[SourceVersion "1"]
[SourceVersionDate "2024.09.30"]
[SourceQuality "1"]

1. e4 c6 2. d4 d5 3. Nc3 dxe4 4. Nxe4 Nf6 5. Nxf6+ exf6 6. Nf3 Bd6 7. Bd3 0-0 8. Be3 Re8 9. Qd2 Bg4 10. 0-0-0 a5 11. h3 Be6 12. Kb1 b5 13. Nh4 Qd7 14. f4 Na6 15. c3 a4 16. Rhe1 Bc4 17. Nf3 Qe6 18. Bxc4 Qxc4 19. Qd3 Qxd3+ 20. Rxd3 Nc7 21. g3 Nd5 22. Bf2 Kf8 23. Rdd1 a3 24. Rxe8+ Rxe8 25. Re1 Ra8 26. Re2 axb2 27. Kxb2 Rxa2+ 28. Kxa2 Nxc3+ 29. Kb2 Nxe2 30. Kc2 Bb4 31. Kd3 Nc3 32. Nd2 Ke7 33. Nb3 Kd6 34. Be1 Nd5 35. Bf2 Ne7 36. g4 Kd5 37. Be3 f5 38. g5 Ng6 39. Nc1 Nf8 40. Ne2 Ne6 41. Ng3 g6 42. Ne2 Be1 43. Bc1 c5 44. dxc5 Nxc5+ 45. Ke3 Kc4 46. Bb2 Ne6 47. Be5 b4 48. Bf6 Bc3 49. Nxc3 bxc3 50. Be5 Nc5 51. Bd6 c2 52. Kd2 Ne4+ 0-1